[Event "English Schools Championship Final 2024"]
[Site "Nottingham University Kings Meadow Campus, United Kingdom"]
[Date "2024.06.27"]
[Round "2.52"]
[White "Walsh, Zac"]
[Black "Amir, Zain"]
[Result "1-0"]
[TimeControl "G50' + 10\" per move."]
[BlackFideId "473227"]
[WhiteElo "1617"]
[BlackElo "1649"]

1. d4 {[%clk 00:48:28]} {[%emt 00:01:51]} Nc6 {[%clk 00:50:06]} {[%emt
00:00:14]} 2. Bf4 {[%clk 00:48:25]} {[%emt 00:00:14]} d6 {[%clk 00:49:57]}
{[%emt 00:00:19]} 3. Nf3 {[%clk 00:48:10]} {[%emt 00:00:25]} Nf6 {[%clk
00:50:00]} {[%emt 00:00:07]} 4. e3 {[%clk 00:47:30]} {[%emt 00:00:50]} Bg4
{[%clk 00:49:35]} {[%emt 00:00:34]} 5. c3 {[%clk 00:47:00]} {[%emt 00:00:40]}
Nh5 {[%clk 00:47:51]} {[%emt 00:01:55]} 6. Bg3 {[%clk 00:47:01]} {[%emt
00:00:09]} Nxg3 {[%clk 00:47:47]} {[%emt 00:00:14]} 7. hxg3 {[%clk 00:46:58]}
{[%emt 00:00:11]} e5 {[%clk 00:47:41]} {[%emt 00:00:17]} 8. Qc2 {[%clk
00:45:02]} {[%emt 00:02:05]} g6 {[%clk 00:46:50]} {[%emt 00:01:03]} 9. Nbd2
{[%clk 00:44:53]} {[%emt 00:00:19]} Bg7 {[%clk 00:46:14]} {[%emt 00:00:45]} 10.
Bd3 {[%clk 00:44:28]} {[%emt 00:00:35]} d5 {[%clk 00:44:50]} {[%emt 00:01:35]}
11. dxe5 {[%clk 00:43:56]} {[%emt 00:00:40]} Nxe5 {[%clk 00:44:33]} {[%emt
00:00:28]} 12. Nxe5 {[%clk 00:43:05]} {[%emt 00:00:59]} Bxe5 {[%clk 00:44:38]}
{[%emt 00:00:07]} 13. Nf3 {[%clk 00:42:34]} {[%emt 00:00:42]} Bg7 {[%clk
00:43:43]} {[%emt 00:01:05]} 14. Qa4+ {[%clk 00:41:45]} {[%emt 00:00:59]} Qd7
{[%clk 00:41:59]} {[%emt 00:01:53]} 15. Qxd7+ {[%clk 00:41:41]} {[%emt
00:00:13]} Bxd7 {[%clk 00:41:56]} 16. O-O-O {[%clk 00:41:35]} {[%emt 00:00:31]}
O-O {[%clk 00:39:37]} {[%emt 00:02:28]} 17. e4 {[%clk 00:39:58]} {[%emt
00:01:47]} dxe4 {[%clk 00:37:02]} {[%emt 00:02:45]} 18. Bxe4 {[%clk 00:39:42]}
{[%emt 00:00:24]} Be6 {[%clk 00:37:03]} {[%emt 00:00:12]} 19. Bxb7 {[%clk
00:39:07]} {[%emt 00:00:43]} Rab8 {[%clk 00:36:46]} {[%emt 00:00:28]} 20. Bd5
{[%clk 00:39:11]} {[%emt 00:00:06]} Bxd5 {[%clk 00:35:46]} {[%emt 00:01:11]} 21.
Rxd5 {[%clk 00:39:08]} {[%emt 00:00:12]} Rfe8 {[%clk 00:35:47]} {[%emt
00:00:10]} 22. Re1 {[%clk 00:38:22]} {[%emt 00:00:55]} Rxe1+ {[%clk 00:35:45]}
{[%emt 00:00:12]} 23. Nxe1 {[%clk 00:38:22]} {[%emt 00:00:09]} Kf8 {[%clk
00:35:50]} {[%emt 00:00:06]} 24. Nd3 {[%clk 00:37:18]} {[%emt 00:01:15]} Ke7
{[%clk 00:34:19]} {[%emt 00:01:41]} 25. Nc5 {[%clk 00:35:37]} {[%emt 00:01:51]}
Rd8 {[%clk 00:32:56]} {[%emt 00:01:33]} 26. Rxd8 {[%clk 00:33:38]} {[%emt
00:02:06]} Kxd8 {[%clk 00:33:01]} {[%emt 00:00:06]} 27. Ne4 {[%clk 00:33:26]}
{[%emt 00:00:24]} Ke7 {[%clk 00:32:04]} {[%emt 00:01:07]} 28. Kd2 {[%clk
00:33:08]} {[%emt 00:00:28]} Bh6+ {[%clk 00:30:49]} {[%emt 00:01:25]} 29. Kd3
{[%clk 00:32:56]} {[%emt 00:00:21]} f5 {[%clk 00:30:50]} {[%emt 00:00:09]} 30.
Nd2 {[%clk 00:32:46]} {[%emt 00:00:21]} Ke6 {[%clk 00:30:04]} {[%emt 00:00:55]}
31. Nf3 {[%clk 00:32:12]} {[%emt 00:00:45]} Kd5 {[%clk 00:29:16]} {[%emt
00:00:57]} 32. c4+ {[%clk 00:31:45]} {[%emt 00:00:37]} Kc5 {[%clk 00:29:06]}
{[%emt 00:00:21]} 33. Ne5 {[%clk 00:30:08]} {[%emt 00:01:47]} Bg7 {[%clk
00:28:12]} {[%emt 00:01:03]} 34. f4 {[%clk 00:29:57]} {[%emt 00:00:21]} g5
{[%clk 00:27:13]} {[%emt 00:01:09]} 35. a3 {[%emt 00:01:16]} a5 {[%clk
00:26:48]} 36. b3 {[%clk 00:28:54]} {[%emt 00:00:42]} h5 {[%clk 00:25:27]}
{[%emt 00:01:31]} 37. Ng6 {[%clk 00:27:44]} {[%emt 00:01:20]} Bf6 {[%clk
00:23:05]} {[%emt 00:02:32]} 38. fxg5 {[%clk 00:26:25]} {[%emt 00:01:28]} Bxg5
{[%clk 00:23:06]} {[%emt 00:00:11]} 39. Nf4 {[%clk 00:25:41]} {[%emt 00:00:53]}
Bxf4 {[%clk 00:21:16]} {[%emt 00:02:01]} 40. gxf4 {[%clk 00:25:40]} {[%emt
00:00:08]} h4 {[%clk 00:21:11]} {[%emt 00:00:18]} 41. Kc3 {[%clk 00:23:24]}
{[%emt 00:02:25]} a4 {[%clk 00:20:58]} {[%emt 00:00:23]} 42. b4+ {[%clk
00:23:16]} {[%emt 00:00:18]} Kd6 {[%clk 00:20:40]} {[%emt 00:00:27]} 43. Kd4
{[%clk 00:23:15]} {[%emt 00:00:13]} c6 {[%clk 00:19:53]} {[%emt 00:00:56]} 44.
c5+ {[%clk 00:22:47]} {[%emt 00:00:39]} Ke6 {[%clk 00:19:30]} {[%emt 00:00:32]}
45. Kc4 {[%clk 00:22:48]} {[%emt 00:00:09]} 1-0

[Event "English Schools Championship Final 2024"]
[Site "Nottingham University Kings Meadow Campus, United Kingdom"]
[Date "2024.06.27"]
[Round "2.53"]
[White "Goyal, Krish"]
[Black "Misra, Samarth"]
[Result "0-1"]
[TimeControl "G50' + 10\" per move."]
[WhiteFideId "14320274"]
[BlackFideId "343441696"]
[WhiteElo "1623"]
[BlackElo "1508"]

1. d4 {[%clk 00:50:18]} Nf6 {[%clk 00:50:07]} {[%emt 00:00:13]} 2. Nf3 {[%clk
00:50:21]} {[%emt 00:00:08]} e6 {[%clk 00:49:50]} {[%emt 00:00:26]} 3. c4
{[%clk 00:50:17]} {[%emt 00:00:14]} d5 {[%clk 00:49:38]} {[%emt 00:00:22]} 4.
Nc3 {[%clk 00:50:03]} {[%emt 00:00:25]} Bb4 {[%clk 00:49:12]} {[%emt 00:00:36]}
5. a3 {[%clk 00:49:25]} {[%emt 00:00:49]} Bxc3+ {[%clk 00:49:14]} {[%emt
00:00:07]} 6. bxc3 {[%clk 00:49:30]} {[%emt 00:00:05]} dxc4 {[%clk 00:49:13]}
{[%emt 00:00:10]} 7. Bg5 {[%clk 00:49:15]} {[%emt 00:00:25]} b5 {[%clk
00:48:45]} {[%emt 00:00:39]} 8. e4 {[%clk 00:48:54]} {[%emt 00:00:31]} h6
{[%clk 00:48:02]} {[%emt 00:00:53]} 9. Bh4 {[%clk 00:43:34]} {[%emt 00:05:30]}
g5 {[%clk 00:44:11]} {[%emt 00:04:01]} 10. Nxg5 {[%clk 00:42:41]} {[%emt
00:01:03]} hxg5 {[%clk 00:40:11]} {[%emt 00:04:11]} 11. Bxg5 {[%clk 00:42:49]}
{[%emt 00:00:02]} Rg8 {[%clk 00:39:10]} {[%emt 00:01:10]} 12. f4 {[%clk
00:41:23]} {[%emt 00:01:35]} Rxg5 {[%clk 00:39:00]} {[%emt 00:00:20]} 13. fxg5
{[%clk 00:41:28]} {[%emt 00:00:05]} Nxe4 {[%clk 00:39:04]} {[%emt 00:00:07]} 14.
Qg4 {[%clk 00:36:27]} {[%emt 00:05:10]} Nxc3 {[%clk 00:37:17]} {[%emt
00:01:58]} 15. Rc1 {[%clk 00:32:00]} {[%emt 00:04:36]} Nd5 {[%clk 00:37:01]}
{[%emt 00:00:26]} 16. h4 {[%clk 00:31:40]} {[%emt 00:00:31]} Ne3 {[%clk
00:35:41]} {[%emt 00:01:28]} 17. Qe4 {[%clk 00:30:20]} {[%emt 00:01:31]} Nd5
{[%clk 00:34:28]} {[%emt 00:01:24]} 18. Qh7 {[%clk 00:21:26]} {[%emt 00:09:02]}
Qd6 {[%clk 00:32:33]} {[%emt 00:02:06]} 19. Qh8+ {[%clk 00:20:17]} {[%emt
00:01:20]} Kd7 {[%clk 00:30:29]} {[%emt 00:02:14]} 20. Qe5 {[%clk 00:17:32]}
{[%emt 00:02:54]} Qxe5+ {[%clk 00:30:02]} {[%emt 00:00:38]} 21. dxe5 {[%clk
00:17:40]} {[%emt 00:00:01]} Bb7 {[%clk 00:29:39]} {[%emt 00:00:32]} 22. h5
{[%clk 00:16:45]} {[%emt 00:01:06]} Nf4 {[%clk 00:29:30]} {[%emt 00:00:19]} 23.
Rd1+ {[%clk 00:14:11]} {[%emt 00:02:44]} Ke7 {[%clk 00:29:37]} {[%emt
00:00:03]} 24. Kf2 {[%clk 00:13:10]} {[%emt 00:01:11]} Nd7 {[%clk 00:28:39]}
{[%emt 00:01:08]} 25. Kg3 {[%clk 00:11:39]} {[%emt 00:01:41]} Nd5 {[%clk
00:26:47]} {[%emt 00:02:03]} 26. Re1 {[%clk 00:11:15]} {[%emt 00:00:32]} Rg8
{[%clk 00:25:42]} {[%emt 00:01:16]} 27. Kg4 {[%clk 00:09:14]} {[%emt 00:02:10]}
c3 {[%clk 00:25:19]} {[%emt 00:00:34]} 28. Bxb5 {[%clk 00:08:30]} {[%emt
00:00:54]} c2 {[%clk 00:22:56]} {[%emt 00:02:33]} 29. Bxd7 {[%clk 00:05:26]}
{[%emt 00:03:15]} Kxd7 {[%clk 00:22:21]} {[%emt 00:00:44]} 30. h6 {[%clk
00:04:46]} {[%emt 00:00:50]} c1=Q {[%clk 00:22:00]} {[%emt 00:00:31]} 31. Rxc1
{[%clk 00:04:55]} {[%emt 00:00:02]} Ne3+ {[%clk 00:21:50]} {[%emt 00:00:20]} 32.
Kh5 {[%clk 00:03:51]} {[%emt 00:01:13]} Nxg2 {[%clk 00:21:31]} {[%emt
00:00:28]} 33. Rhd1+ {[%clk 00:02:50]} {[%emt 00:01:12]} Kc8 {[%clk 00:21:11]}
{[%emt 00:00:30]} 34. h7 {[%clk 00:02:53]} {[%emt 00:00:07]} Bf3+ {[%clk
00:21:03]} {[%emt 00:00:18]} 35. Kh6 {[%clk 00:02:49]} {[%emt 00:00:15]} Rg6#
{[%clk 00:20:52]} {[%emt 00:00:06]} 0-1

[Event "English Schools Championship Final 2024"]
[Site "Nottingham University Kings Meadow Campus, United Kingdom"]
[Date "2024.06.27"]
[Round "2.54"]
[White "Burns, Luke"]
[Black "Sohi, Aarav"]
[Result "1/2-1/2"]
[TimeControl "G50' + 10\" per move."]
[BlackFideId "343408303"]
[WhiteElo "1358"]
[BlackElo "1431"]

1. d4 {[%clk 00:50:18]} {[%emt 00:00:01]} d5 {[%clk 00:50:13]} {[%emt
00:00:06]} 2. Bf4 {[%clk 00:50:26]} {[%emt 00:00:04]} c6 {[%clk 00:50:04]}
{[%emt 00:00:18]} 3. Nf3 {[%clk 00:50:29]} {[%emt 00:00:07]} Nf6 {[%clk
00:50:04]} {[%emt 00:00:10]} 4. e3 {[%clk 00:50:26]} {[%emt 00:00:14]} g6
{[%clk 00:49:46]} {[%emt 00:00:28]} 5. Bd3 {[%clk 00:50:22]} {[%emt 00:00:13]}
Bg7 {[%clk 00:49:42]} {[%emt 00:00:13]} 6. O-O {[%clk 00:50:20]} {[%emt
00:00:14]} O-O {[%clk 00:49:46]} {[%emt 00:00:05]} 7. Nbd2 {[%clk 00:50:21]}
{[%emt 00:00:09]} Re8 {[%clk 00:45:30]} {[%emt 00:04:25]} 8. e4 {[%clk
00:50:14]} {[%emt 00:00:19]} dxe4 {[%clk 00:44:41]} {[%emt 00:00:59]} 9. Nxe4
{[%clk 00:50:18]} {[%emt 00:00:05]} Nxe4 {[%clk 00:44:35]} {[%emt 00:00:15]} 10.
Bxe4 {[%clk 00:50:25]} {[%emt 00:00:03]} Bg4 {[%clk 00:42:58]} {[%emt
00:01:47]} 11. c3 {[%clk 00:50:18]} {[%emt 00:00:18]} Nd7 {[%clk 00:40:17]}
{[%emt 00:02:50]} 12. h3 {[%clk 00:50:07]} {[%emt 00:00:23]} Bxf3 {[%clk
00:38:11]} {[%emt 00:02:14]} 13. Qxf3 {[%clk 00:49:49]} {[%emt 00:00:28]} e5
{[%clk 00:36:36]} {[%emt 00:01:46]} 14. Be3 {[%clk 00:48:25]} {[%emt 00:01:34]}
exd4 {[%clk 00:34:57]} {[%emt 00:01:48]} 15. cxd4 {[%clk 00:48:21]} {[%emt
00:00:15]} Nf6 {[%clk 00:30:56]} {[%emt 00:04:11]} 16. Bc2 {[%clk 00:47:10]}
{[%emt 00:01:22]} Qd5 {[%clk 00:26:56]} {[%emt 00:04:08]} 17. Qxd5 {[%clk
00:42:58]} {[%emt 00:04:23]} Nxd5 {[%clk 00:26:56]} {[%emt 00:00:09]} 18. Rae1
{[%clk 00:42:36]} {[%emt 00:00:33]} Rad8 {[%clk 00:24:51]} {[%emt 00:02:14]} 19.
Bb3 {[%clk 00:42:07]} {[%emt 00:00:40]} Nc7 {[%clk 00:23:20]} {[%emt 00:01:40]}
20. f4 {[%clk 00:40:18]} {[%emt 00:02:01]} Bxd4 {[%clk 00:22:13]} {[%emt
00:01:16]} 21. Bxd4 {[%clk 00:39:16]} {[%emt 00:01:13]} Rxd4 {[%clk 00:22:05]}
{[%emt 00:00:17]} 22. Rxe8+ {[%clk 00:37:54]} {[%emt 00:01:32]} Nxe8 {[%clk
00:22:05]} {[%emt 00:00:09]} 23. f5 {[%clk 00:37:54]} {[%emt 00:00:11]} g5
{[%clk 00:19:15]} {[%emt 00:03:00]} 24. g4 {[%clk 00:37:46]} {[%emt 00:00:19]}
Kg7 {[%clk 00:16:01]} {[%emt 00:03:24]} 25. Re1 {[%clk 00:37:42]} {[%emt
00:00:14]} Nf6 {[%clk 00:15:45]} {[%emt 00:00:25]} 26. Re7 {[%clk 00:37:37]}
{[%emt 00:00:16]} Rd7 {[%clk 00:15:37]} {[%emt 00:00:17]} 27. Re2 {[%clk
00:37:06]} {[%emt 00:00:42]} h5 {[%clk 00:14:24]} {[%emt 00:01:22]} 28. Rg2
{[%clk 00:35:48]} {[%emt 00:01:28]} hxg4 {[%clk 00:13:22]} {[%emt 00:01:12]} 29.
hxg4 {[%clk 00:35:52]} {[%emt 00:00:06]} Rd4 {[%clk 00:13:01]} {[%emt
00:00:28]} 30. Kf2 {[%clk 00:35:00]} {[%emt 00:01:06]} Rd2+ {[%clk 00:11:54]}
{[%emt 00:01:16]} 31. Kf3 {[%clk 00:34:25]} {[%emt 00:00:47]} Rxg2 {[%clk
00:11:51]} {[%emt 00:00:11]} 32. Kxg2 {[%clk 00:34:31]} {[%emt 00:00:05]} Nxg4
{[%clk 00:11:36]} {[%emt 00:00:24]} 33. Kf3 {[%clk 00:31:48]} {[%emt 00:02:53]}
Nh6 {[%clk 00:10:58]} {[%emt 00:00:48]} 34. Ke4 {[%clk 00:30:53]} {[%emt
00:01:05]} Kf6 {[%clk 00:10:51]} {[%emt 00:00:17]} 35. Bd1 {[%clk 00:30:32]}
{[%emt 00:00:31]} Nxf5 {[%clk 00:10:33]} {[%emt 00:00:27]} 36. Bg4 {[%clk
00:30:40]} {[%emt 00:00:03]} Nd6+ {[%clk 00:09:54]} {[%emt 00:00:49]} 37. Kd4
{[%clk 00:30:39]} {[%emt 00:00:12]} b6 {[%clk 00:08:58]} {[%emt 00:01:05]} 38.
a4 {[%clk 00:29:50]} {[%emt 00:00:59]} a5 {[%clk 00:07:42]} {[%emt 00:01:25]}
39. Bd7 {[%clk 00:29:49]} {[%emt 00:00:12]} Nf5+ {[%clk 00:06:28]} {[%emt
00:01:21]} 40. Kc4 {[%clk 00:29:41]} {[%emt 00:00:22]} Ne7 {[%clk 00:06:13]}
{[%emt 00:00:22]} 41. Kd4 {[%clk 00:28:39]} {[%emt 00:01:14]} c5+ {[%clk
00:05:09]} {[%emt 00:01:14]} 42. Kc4 {[%clk 00:28:46]} {[%emt 00:00:04]} Ke5
{[%clk 00:04:23]} {[%emt 00:00:54]} 43. Kb5 {[%clk 00:28:52]} {[%emt 00:00:05]}
Nd5 {[%clk 00:04:31]} {[%emt 00:00:01]} 44. Kc6 {[%clk 00:28:24]} {[%emt
00:00:39]} c4 {[%clk 00:03:59]} {[%emt 00:00:43]} 45. Bg4 {[%clk 00:28:12]}
{[%emt 00:00:21]} f5 {[%clk 00:03:50]} {[%emt 00:00:19]} 46. Bf3 {[%clk
00:28:17]} {[%emt 00:00:06]} Ne3 {[%clk 00:03:18]} {[%emt 00:00:41]} 47. Kxb6
{[%clk 00:28:08]} {[%emt 00:00:19]} g4 {[%clk 00:03:26]} {[%emt 00:00:03]} 48.
Bh1 {[%clk 00:27:53]} {[%emt 00:00:24]} g3 {[%clk 00:03:24]} {[%emt 00:00:12]}
49. Kxa5 {[%clk 00:27:57]} {[%emt 00:00:06]} g2 {[%clk 00:02:56]} {[%emt
00:00:39]} 50. Bxg2 {[%clk 00:28:05]} {[%emt 00:00:01]} Nxg2 {[%clk 00:03:05]}
51. Kb5 {[%clk 00:28:02]} {[%emt 00:00:13]} f4 {[%clk 00:02:21]} {[%emt
00:00:54]} 52. a5 {[%clk 00:28:07]} {[%emt 00:00:05]} f3 {[%clk 00:02:26]}
{[%emt 00:00:05]} 53. a6 {[%clk 00:28:14]} {[%emt 00:00:03]} f2 {[%clk
00:02:32]} {[%emt 00:00:04]} 54. a7 {[%clk 00:28:22]} {[%emt 00:00:02]} f1=Q
{[%clk 00:02:39]} {[%emt 00:00:03]} 55. a8=Q {[%clk 00:28:25]} {[%emt
00:00:07]} c3+ {[%clk 00:00:00]} {[%emt 00:01:56]} 56. Kb4 {[%clk 00:28:11]}
{[%emt 00:01:14]} Qf4+ {[%clk 00:03:38]} {[%emt 00:01:16]} 57. Kxc3 {[%clk
00:27:58]} {[%emt 00:00:24]} Qd4+ {[%clk 00:03:14]} {[%emt 00:00:34]} 58. Kb3
{[%clk 00:27:39]} {[%emt 00:00:28]} Qd3+ {[%clk 00:02:42]} {[%emt 00:00:42]} 59.
Ka2 {[%clk 00:27:34]} {[%emt 00:00:16]} Qc4+ {[%clk 00:02:44]} {[%emt
00:00:07]} 60. b3 {[%clk 00:27:12]} {[%emt 00:00:33]} Qc2+ {[%clk 00:02:47]}
{[%emt 00:00:06]} 61. Ka3 {[%clk 00:27:15]} {[%emt 00:00:08]} Qc1+ {[%clk
00:02:32]} {[%emt 00:00:24]} 62. Kb4 {[%clk 00:26:56]} {[%emt 00:00:29]} Qd2+
{[%clk 00:02:36]} {[%emt 00:00:06]} 63. Kb5 {[%clk 00:26:38]} {[%emt 00:00:28]}
Qd3+ {[%clk 00:02:41]} {[%emt 00:00:06]} 64. Ka4 {[%clk 00:26:25]} {[%emt
00:00:16]} Qd4+ {[%clk 00:02:34]} {[%emt 00:00:23]} 65. Kb5 {[%clk 00:26:16]}
{[%emt 00:00:20]} Qd7+ {[%clk 00:02:26]} {[%emt 00:00:17]} 66. Qc6 {[%clk
00:26:13]} {[%emt 00:00:12]} Qd3+ {[%clk 00:01:49]} {[%emt 00:00:49]} 67. Kb4
{[%clk 00:25:47]} {[%emt 00:00:36]} Qd4+ {[%clk 00:01:47]} {[%emt 00:00:12]} 68.
Qc4 {[%clk 00:25:39]} {[%emt 00:00:16]} Qd2+ {[%clk 00:01:23]} {[%emt
00:00:36]} 69. Qc3+ {[%clk 00:25:44]} {[%emt 00:00:06]} Qxc3+ {[%clk 00:01:31]}
{[%emt 00:00:01]} 70. Kxc3 {[%clk 00:25:47]} {[%emt 00:00:07]} Kd6 {[%clk
00:01:39]} {[%emt 00:00:02]} 71. Kb4 {[%clk 00:25:43]} {[%emt 00:00:15]} Kc7
{[%clk 00:01:46]} {[%emt 00:00:02]} 72. Kb5 {[%clk 00:25:39]} {[%emt 00:00:14]}
Kb8 {[%clk 00:01:53]} {[%emt 00:00:02]} 73. Kb6 {[%clk 00:25:11]} {[%emt
00:00:39]} Nf4 {[%clk 00:02:01]} {[%emt 00:00:02]} 74. Kc6 {[%clk 00:25:03]}
{[%emt 00:00:18]} Ne6 {[%clk 00:02:03]} {[%emt 00:00:08]} 75. b4 {[%clk
00:25:04]} {[%emt 00:00:09]} Ng7 {[%clk 00:02:03]} {[%emt 00:00:09]} 76. b5
{[%clk 00:24:57]} {[%emt 00:00:18]} Ne6 {[%clk 00:02:03]} {[%emt 00:00:10]} 77.
Kb6 {[%clk 00:24:38]} {[%emt 00:00:29]} Nd4 {[%clk 00:02:10]} {[%emt 00:00:02]}
1/2-1/2

[Event "English Schools Championship Final 2024"]
[Site "Nottingham University Kings Meadow Campus, United Kingdom"]
[Date "2024.06.27"]
[Round "2.55"]
[White "Nayak, Varun"]
[Black "Laver, Will"]
[Result "0-1"]
[TimeControl "G50' + 10\" per move."]
[WhiteFideId "343440843"]
[WhiteElo "1833"]
[BlackElo "1714"]

1. e4 {[%clk 00:50:18]} g6 {[%clk 00:50:08]} {[%emt 00:00:12]} 2. d4 {[%clk
00:50:26]} Bg7 {[%clk 00:50:09]} {[%emt 00:00:10]} 3. Nc3 {[%clk 00:50:34]}
{[%emt 00:00:02]} d6 {[%clk 00:50:11]} {[%emt 00:00:08]} 4. Be3 {[%clk
00:50:38]} {[%emt 00:00:06]} Nf6 {[%clk 00:50:03]} {[%emt 00:00:19]} 5. f3
{[%clk 00:50:46]} {[%emt 00:00:02]} O-O {[%clk 00:49:56]} {[%emt 00:00:16]} 6.
Qd2 {[%clk 00:50:55]} {[%emt 00:00:01]} h5 {[%clk 00:49:46]} {[%emt 00:00:20]}
7. O-O-O {[%clk 00:50:46]} {[%emt 00:00:19]} Nbd7 {[%clk 00:49:26]} {[%emt
00:00:30]} 8. h3 {[%clk 00:50:54]} {[%emt 00:00:02]} Nb6 {[%clk 00:47:21]}
{[%emt 00:02:16]} 9. g4 {[%clk 00:51:01]} {[%emt 00:00:02]} a5 {[%clk
00:46:39]} {[%emt 00:00:52]} 10. gxh5 {[%clk 00:51:08]} {[%emt 00:00:03]} Nxh5
{[%clk 00:46:20]} {[%emt 00:00:29]} 11. Be2 {[%clk 00:50:57]} {[%emt 00:00:20]}
e5 {[%clk 00:44:15]} {[%emt 00:02:15]} 12. dxe5 {[%clk 00:51:01]} {[%emt
00:00:07]} Bxe5 {[%clk 00:44:11]} {[%emt 00:00:14]} 13. Bd4 {[%clk 00:51:08]}
{[%emt 00:00:03]} Bf4 {[%clk 00:43:29]} {[%emt 00:00:52]} 14. Be3 {[%clk
00:51:16]} {[%emt 00:00:02]} Be5 {[%clk 00:42:24]} {[%emt 00:01:15]} 15. f4
{[%clk 00:51:24]} {[%emt 00:00:03]} Bxc3 {[%clk 00:41:56]} {[%emt 00:00:37]} 16.
Qxc3 {[%clk 00:51:28]} {[%emt 00:00:06]} Ng3 {[%clk 00:40:53]} {[%emt
00:01:13]} 17. Rh2 {[%clk 00:51:33]} {[%emt 00:00:04]} Nxe4 {[%clk 00:40:44]}
{[%emt 00:00:20]} 18. Qd3 {[%clk 00:51:36]} {[%emt 00:00:05]} Bf5 {[%clk
00:40:42]} {[%emt 00:00:15]} 19. Qb3 {[%clk 00:51:01]} {[%emt 00:00:42]} a4
{[%clk 00:39:33]} {[%emt 00:01:21]} 20. Qa3 {[%clk 00:50:35]} {[%emt 00:00:20]}
Qe7 {[%clk 00:39:02]} {[%emt 00:00:56]} 21. Bf3 {[%clk 00:50:22]} {[%emt
00:00:22]} Nc4 {[%clk 00:37:47]} {[%emt 00:01:27]} 22. Qb4 {[%clk 00:49:30]}
{[%emt 00:01:00]} Nxe3 {[%clk 00:37:33]} {[%emt 00:00:26]} 23. Re1 {[%clk
00:49:37]} {[%emt 00:00:03]} c5 {[%clk 00:35:58]} {[%emt 00:01:46]} 24. Qb5
{[%clk 00:48:57]} {[%emt 00:00:48]} Nd5 {[%clk 00:34:55]} {[%emt 00:01:14]} 25.
Rhe2 {[%clk 00:48:15]} {[%emt 00:00:51]} Ndf6 {[%clk 00:34:25]} {[%emt
00:00:40]} 26. Re3 {[%clk 00:47:30]} {[%emt 00:00:56]} d5 {[%clk 00:33:23]}
{[%emt 00:01:13]} 27. c3 {[%clk 00:46:46]} {[%emt 00:00:52]} d4 {[%clk
00:32:38]} {[%emt 00:00:56]} 28. R3e2 {[%clk 00:46:35]} {[%emt 00:00:20]} dxc3
{[%clk 00:32:10]} {[%emt 00:00:39]} 29. bxc3 {[%clk 00:45:40]} {[%emt
00:01:05]} Qd6 {[%clk 00:31:49]} {[%emt 00:00:31]} 30. Bxe4 {[%clk 00:45:17]}
{[%emt 00:00:33]} Qxf4+ {[%clk 00:31:51]} {[%emt 00:00:09]} 31. Kb2 {[%clk
00:45:26]} {[%emt 00:00:01]} Nxe4 {[%clk 00:31:43]} {[%emt 00:00:17]} 32. Qc4
{[%clk 00:45:26]} {[%emt 00:00:09]} Rfe8 {[%clk 00:31:28]} {[%emt 00:00:26]} 33.
Rg2 {[%clk 00:45:11]} {[%emt 00:00:25]} a3+ {[%clk 00:31:09]} {[%emt 00:00:30]}
34. Ka1 {[%clk 00:45:14]} {[%emt 00:00:07]} Nd2 {[%clk 00:30:04]} {[%emt
00:01:15]} 0-1